Comparison of tomatoes varieties under condition of Kbal KOh vegetable reserch; ការប្រៀធៀបពូជប៉េងបោះក្នុងលក្ខខណ្ឌស្ថានីយ៍ពោសោធន៍ដំណាំបន្លែក្បាលកោះ (Record no. 10732)

000 -LEADER
fixed length control field 00597nam a22001337a 4500
040 ## - CATALOGING SOURCE
Transcribing agency RUA
082 ## - DEWEY DECIMAL CLASSIFICATION NUMBER
Classification number AGR KON 2015 B521 Or.1
100 ## - MAIN ENTRY--AUTHOR NAME
Personal name KONG PHEAROM;​ គង់ ភារម្យ
245 ## - TITLE STATEMENT
Title Comparison of tomatoes varieties under condition of Kbal KOh vegetable reserch; ការប្រៀធៀបពូជប៉េងបោះក្នុងលក្ខខណ្ឌស្ថានីយ៍ពោសោធន៍ដំណាំបន្លែក្បាលកោះ
260 ## - PUBLICATION, DISTRIBUTION, ETC. (IMPRINT)
Place of publication Phnom Penh
Name of publisher RUA
Year of publication 2015
300 ## - PHYSICAL DESCRIPTION
Number of Pages xi; 49p;
Other physical details ill;
Dimensions 29cm;
856 ## - ELECTRONIC LOCATION AND ACCESS
Uniform Resource Identifier KONG PHEAROM
942 ## - ADDED ENTRY ELEMENTS (KOHA)
Koha item type AGR
952 ## - LOCATION AND ITEM INFORMATION (KOHA)
Withdrawn status [LOCAL, KOHA] 0
952 ## - LOCATION AND ITEM INFORMATION (KOHA)
Withdrawn status [LOCAL, KOHA] 0
952 ## - LOCATION AND ITEM INFORMATION (KOHA)
Withdrawn status [LOCAL, KOHA] 0
952 ## - LOCATION AND ITEM INFORMATION (KOHA)
Withdrawn status [LOCAL, KOHA] 0
952 ## - LOCATION AND ITEM INFORMATION (KOHA)
Withdrawn status [LOCAL, KOHA] 0
952 ## - LOCATION AND ITEM INFORMATION (KOHA)
Withdrawn status [LOCAL, KOHA] 0
952 ## - LOCATION AND ITEM INFORMATION (KOHA)
Withdrawn status [LOCAL, KOHA] 0
952 ## - LOCATION AND ITEM INFORMATION (KOHA)
Withdrawn status [LOCAL, KOHA] 0
Holdings
Permanent Location Date acquired Koha item type Lost status Shelving location Barcode Current Location Full call number
Library Block B2016-11-04AGR B521A01482Library Block BAGR KON 2015 B521 Or.1
Library Block B2016-11-04AGR B521A00819Library Block BAGR KON 2015 B521 Or.2
Library Block B2016-11-04AGR B521A00954Library Block BAGR KON 2015 B521 Or.3
Library Block B2016-11-04AGR B521RUA062013Library Block BAGR KON 2015 B521 Or.4
Library Block B2016-11-04AGR B521A00752Library Block BAGR KON 2015 B521 Or.5
Library Block B2016-11-04AGR B521RUA062053Library Block BAGR KON 2015 B521 Or.6
Library Block B2016-11-04AGR B521RUA062573Library Block BAGR KON 2015 B521 Or.7
Library Block B2016-11-04AGR B521A00354Library Block BAGR KON 2015 B521 Or.8
មជ្ឈមណ្ឌលឯការនៃសាកលវិទ្យាល័យភូមិន្ទកសិកម្មចំការដូង

Powered by Koha